| 000 | 00808nam a2200205 a 4500 | ||
|---|---|---|---|
| 001 | 000041579 | ||
| 005 | 20201002035641.0 | ||
| 008 | 131011s1992 sp 000 0 spa d | ||
| 020 | _a8400072308 | ||
| 040 |
_aDO-SdBNP _bspa _cBNPHU |
||
| 082 |
_axxx _bL979o |
||
| 245 | 0 | 0 |
_aLéxico : Argentino-Español-Francés = xique argentin-espagnol-français / _cPaul Verdevoye, coordinador científico ; Héctor Fernando Colla, coordinador técnico. |
| 260 |
_aMadrid : _bArchivos, _c1992. |
||
| 300 |
_axlvii, 271 p. ; _c24 cm. |
||
| 490 | 1 |
_aArchivos, investigaciones y repertorios lexicológicos _v1 |
|
| 500 | _aLexique argentin-espagnol-français. | ||
| 700 | 1 | 2 |
_aVerdevoye, Paul _941648 |
| 700 | 1 | 2 |
_aColla, Héctor Fernando _968339 |
| 830 | 0 |
_aArchivos, investigaciones y repertorios lexicológicos _n1 _968340 |
|
| 999 |
_c41069 _d41069 |
||